000 00389nam a2200157 a 4500
001 1769940913073
003 YourLibrary
005 20260201163841.0
008 260201s2026##################000#0#eng##
020 _a9788176498593
082 0 4 _a305.231
_bMIL
100 1 _aMiller, Karen,
_eauthor.
245 1 0 _aSimple Steps :
942 _cENGLISH
040 _aYourLibrary
_beng
_cYourLibrary
999 _c609805
_d609805